NBA's Best Possible Starting Lineups - Statistics

General Stats
  • This quiz has been taken 108 times
  • The average score is 115 of 150
Answer Stats
Team Position Years Played Answer % Correct
Atlanta Hawks PG 2018-Present Trae Young
99%
SF 1979-1992 Larry Bird
94%
SF 2003-Present LeBron James
94%
SF 2003-Present LeBron James
94%
Golden State Warriors PG 2009-Present Steph Curry
94%
SG 1986-2002 Dell Curry
93%
SG 1996-2016 Kobe Bryant
93%
C 1992-2011 Shaquille O'Neal
93%
C 1992-2011 Shaquille O'Neal
93%
SF 2008-Present Kevin Durant
92%
PF 2007-Present Kevin Durant
92%
Los Angeles Lakers PG 2979-1996 Magic Johnson
92%
SG 1984-2003 Michael Jordan
92%
SF 1984-2003 MIchael Jordan
92%
C 1959-1973 Wilt Chamberlain
92%
C 1959-1973 Wilt Chamberlain
92%
SG 2020-Present Anthony Edwards
90%
C 1956-1969 Bill Russell
90%
C 2008-Present DeAndre Jordan
90%
SG 2011-Present Kyrie Irving
90%
PF 2012-Present Draymond Green
89%
Houston Rockets PG 2009-Present James Harden
89%
SF 1971-1987 Julius Erving
89%
SF 1971-1987 Julius Erving
89%
PF 1969-1989 Kareem Abdul-Jabbar
89%
C 1969-1989 Kareem Abdul-Jabbar
89%
PF 1995-2016 Kevin Garnett
89%
SG 2012-Present Klay Thompson
89%
Dallas Mavericks PG 1997-2015 Steve Nash
89%
Phoenix Suns PG 1996-2015 Steve Nash
89%
PF 2011-Present Anthony Davis
87%
Boston Celtics PG 1950-1963 Bob Cousy
87%
LA Clippers PG 2005-Present Chris Paul
87%
New Orleans Pelicans PG 2005-Present Chris Paul
87%
Minnesota Timberwolves PG 2015-Present D'Angelo Russell
87%
PF 1998-2019 Dirk Nowitzki
87%
SG 2003-2019 Dwyane Wade
87%
Utah Jazz PG 1984-2003 John Stockton
87%
SG 2012-Present Kawhi Leonard
87%
SF 2011-Present Kawhi Leonard
87%
PF 2011-Present Kawhi Leonard
87%
SG 2019-Present Luka Doncic
87%
SF 1987-2003 Scottie Pippen
87%
SF 2003-2022 Carmelo Anthony
86%
Portland Trail Blazers PG 2012-Present Damian Lillard
86%
PF 1986-2000 Dennis Rodman
86%
SF 1986-2000 Dennis Rodman
86%
SF 1982-1999 Dominique Wilkins
86%
SG 1987-2005 Reggie Miller
86%
Indiana Pacers PG 2020-Present Tyrese Haliburton
86%
SG 1998-2020 Vince Carter
86%
SF 1998-2020 Vince Carter
86%
SF 2009-2023 Blake Griffin
85%
Chicago Bulls PG 2008-2024 Derrick Rose
85%
PF 2013-Present Giannis Antetokounmpo
85%
Detroit Pistons PG 1981-1994 Isiah Thomas
85%
Brooklyn Nets PG 1994-2013 Jason Kidd
85%
Washington Wizards PG 2010-2023 John Wall
85%
PF 1991-2001 Larry Johnson
85%
PF 2015-Present Nikola Jokic
85%
SG 2008-Present Russell Westbrook
85%
PF 1997-2016 Tim Duncan
85%
C 1998-2003 David Robinson
83%
SG 2015-Present Devin Booker
83%
PF 1984-2002 Hakeem Olajuwon
83%
PF 1985-2003 Karl Malone
83%
C 2008-2021 Marc Gasol
83%
C 2008-2021 Marc Gasol
83%
PF 1976-1995 Moses Malone
83%
Milwaukee Bucks PG 1960-1974 Oscar Robertson
83%
Sacramento Kings PG 1960-1974 Oscar Robertson
83%
PF 2001-2019 Pau Gasol
83%
SF 2011-Present Paul George
83%
SG 1996-2010 Allen Iverson
82%
SG 1996-2010 Allen Iverson
82%
PF 2003-2016 Chris Bosh
82%
C 1985-2002 Patrick Ewing
82%
C 1991-2009 Dikembe Mutombo
80%
C 1991-2009 Dikembe Mutombo
80%
Charlotte hornets PG 2011-2023 Kemba Walker
80%
SF 1996-2014 Ray Allen
80%
SF 1996-2014 Ray Allen
80%
C 2011-Present Rudy Gobert
80%
San Antonio Spurs PG 2001-2018 Tony Parker
80%
PF 1954-1965 Bob Pettit
79%
SF 1983-1998 Clyde Drexler
79%
SF 1983-1998 Clyde Drexler
79%
Oklahoma City Thunder PG 1990-2007 Gary Payton
79%
SG 1962-1978 John Havlicek
79%
SG 1997-2013 Tracy McGrady
79%
SG 1997-2013 Tracy McGrady
79%
C 2008-Present Brook Lopez
77%
SG 2009-Present DeMar Derozan
77%
Toronto Raptors PG 2006-Present Kyle Lowry
77%
Memphis Grizzlies PG 2007-Present Mike Conley
77%
PF 1984-2000 Charles Barkley
76%
PF 2004-2022 Dwight Howard
76%
PF 1996-2014 Jermaine O'Neal
76%
C 2008-Present Kevin Love
76%
C 2003-2011 Yao Ming
76%
SF 2020-Present Zion Williamson
76%
C 1993-2008 Alonzo Mourning
75%
C 1993-2008 Alonzo Mourning
75%
PF 1980-1993 Kevin McHale
75%
Orlando Magic PG 1993-2007 Penny Hardaway
75%
Miami Heat PG 1989-2002 Tim Hardaway
75%
PF 1996-2012 Ben Wallace
73%
SF 1976-1991 Alex English
72%
C 1974-1988 Bill Walton
72%
SF 1958-1971 Elgin Baylor
72%
SG 1972-1985 George Gervin
70%
PF 2006-2022 LaMarcus Aldridge
70%
PF 1981-1998 Buck Williams
69%
C 2010-2021 DeMarcus Cousins
69%
C 2010-2021 DeMarcus Cousins
69%
SG 1998-2011 Jason Williams
69%
New York Knicks PG 1967-1979 Walt Frazier
69%
C 2002-2016 Amar'e Stoudemire
68%
C 1989-2003 Shawn Kemp
68%
C 1968-1981 Wes Unseld
66%
PF 1972-1986 Bob McAdoo
65%
PF 1993-2008 Chris Webber
65%
SF 2002-2019 Zach Randolph
65%
SG 1985-1999 Joe Dumars
63%
C 1980-1994 Bill Laimbeer
62%
PF 1968-1984 Elvin Hayes
62%
Cleveland Cavaliers PG 1986-1998 Mark Price
62%
C 2001-2020 Tyson Chandler
59%
C 1971-1988 Artis Gilmore
56%
SG 2001-2012 Gilbert Arenas
56%
SG 1970-1980 Pete Maravich
56%
SG 1970-1980 Pete Maravich
56%
SF 1999-2015 Shawn Marion
56%
PF 1964-1974 Willis Reed
56%
C 1997-2011 Zydrunas Ilgauskas
56%
SF 1994-2013 Grant Hill
52%
SF 2011-Present Jimmy Butler
52%
SG 2006-2013 Brandon Roy
51%
SG 1980-1991 Sidney Moncrief
51%
SF 1998-2011 Peja Stojakovic
48%
SF 1989-2004 Glen Rice
46%
SG 2009-Present Jrue Holiday
44%
SF 1976-1991 Adrian Dantley
39%
Denver Nuggets PG 1983-1994 Fat Lever
39%
PF 1986-1994 Brad Daugherty
38%
C 1988-2000 Rik Smits
37%
SG 1967-1980 Earl Monroe
32%
Philadelphia 76ers PG 1979-1993 Maurice Cheeks
32%
SG 1971-1984 Nate Archibald
31%
SF 1995-2010 Michael Finley
30%
No matching quizzes found
Score Distribution
Percent of People with Each Score
Percentile by Number Answered
Your Score History
You have not taken this quiz